Public Finance (Record no. 3669)
[ view plain ]
| 005 - DATE AND TIME OF LATEST TRANSACTION | |
|---|---|
| control field | 20250628152907.0 |
| 020 ## - INTERNATIONAL STANDARD BOOK NUMBER | |
| International Standard Book Number | 978-0-07-351128-3 |
| 082 ## - DEWEY DECIMAL CLASSIFICATION NUMBER | |
| Classification number | 658.15 ROS |
| 100 ## - MAIN ENTRY--PERSONAL NAME | |
| Author name | ROSE, S. Harvey |
| 245 ## - TITLE STATEMENT | |
| Title | Public Finance |
| 250 ## - EDITION STATEMENT | |
| Edition statement | 8th Edition |
| 260 ## - PUBLICATION, DISTRIBUTION, ETC. | |
| Place of publication, distribution, etc. | New York |
| Name of publisher, distributor, etc. | McGraw-Hill Irwin |
| Date of publication, distribution, etc. | 2008 |
| 300 ## - PHYSICAL DESCRIPTION | |
| Extent | xxvi,596p. |
| Other physical details | Index |
| Dimensions | 26 cm |
| 700 ## - ADDED ENTRY--PERSONAL NAME | |
| Other authors/Editors | Ted Gayer |
| 942 ## - ADDED ENTRY ELEMENTS (KOHA) | |
| Source of classification or shelving scheme | Dewey Decimal Classification |
| Koha item type | Books |
No items available.
